Kalendár významných akcií v roku 1999

Gespeichert in:
Bibliographische Detailangaben
Format: Buch
Sprache:Slowakisch
Englisch
Veröffentlicht: Bratislava Vydavateľstvo Ekonóm 1999
Tags: Tag hinzufügen
Keine Tags, Fügen Sie das erste Tag hinzu!

MARC

LEADER 00000nam a2200000 4500
001 c108505
005 20240104100934.1
041 0 |a slo 
041 0 |a eng 
044 |a SK 
245 1 0 |a Kalendár významných akcií v roku 1999 
264 1 |a Bratislava  |b Vydavateľstvo Ekonóm  |c 1999 
300 |a 18 s.